000 01390cam a22002054a 4500
005 20250605164050.0
008 250528s ||||||||||||||||||||||||d
035 _a17254
020 _a674264355
040 _aGR-AtMCL
_bgre
_dGR-AtMCL
_eAACR2
245 1 _aEssays in International Economics
260 _bHarvard University Press,
_c1971
300 _a362
520 _aForeword, Introduction, Trade Restrictions and Economic Welfare, On Making the Best of Balance-of-Payments Restrictions on Imports, The Optimal Tariff from an International Standpoint, The Loss from Trade Restriction, International Monetary System, International Liquidity: Ends and Means, The Fund and International Liquidity, Use and Acceptance of Reserve Claims, Towards Assessing the Need for International Reserves, Balance-of-Payments Policy and the Adjustment Process, Exchange Depreciation and Financial Policy and the Domestic Price Level, Domestic Financial Policies under Fixed and under Floating Exchange Rates, Official Intervention on the Forward Exchange Market, Guidelines for Balance-of-Payments Adjustment under the Par-Value System, Dual Exchange Rates for Current and Capital Transactions: A Theoretical Examination, Wider Margins of Exchange Rate Variation, Index.
700 1 _aFleming Marcus J
_93412
700 1 _aJohnson Harry G
_93413
942 _cBK
999 _c2682
_d2682